000 00282nam a22001217a 4500
008 170425b xxu||||| |||| 00| 0 eng d
041 _aeng
080 _25 ED
_a547
100 _a12
101 _aSHM
245 _aLABORATORY OF ORGANIC CHEMISTRY
_cJACOBS.TH.L
942 _2udc
_cBK
999 _c11963
_d11963